Statistics for MLB 20 Pitchers With the Most Strikeouts in 2017

Click here to take the quiz!

General Stats

  • This quiz has been taken 25 times
  • The average score is 13 of 20

Answer Stats

Team and Number of StrikeoutsPitcher% Correct
Red Sox 308Chris Sale
100%
Tigers/Astros 219Justin Verlander
100%
Nationals 268Max Scherzer
100%
Mets 239Jacob deGrom
84%
Indians 265Corey Kluber
79%
White Sox/Cubs 207Jose Quintana
79%
Diamondbacks 215Zack Greinke
79%
Dodgers 202Clayton Kershaw
74%
Yankees 230Luis Severino
74%
Nationals 204Stephen Strasburg
74%
Rays 249Chris Archer
68%
Rangers/Dodgers 209Yu Darvish
68%
Pirates 196Gerrit Cole
63%
Indians 196Trevor Bauer
58%
Cardinals 217Carlos Martinez
53%
Yankees 194Masahiro Tanaka
47%
Diamondbacks 218Robbie Ray
47%
Indians 226Carlos Carrasco
42%
Giants 205Jeff Samardzija
21%
Brewers 199Jimmy Nelson
11%

Score Distribution

Percentile by Number Answered

Percent of People with Each Score

Your Score History

You have not taken this quiz